Business laws

Bibliographic Details
Main Author: Singh Nirmal
Format: Book
Published: New Delhi : New age International publishing , 1999
Subjects:

MARC

LEADER 00000cam a2200000 7i4500
001 0000037045
005 20130717.0
008 130717
020 |a 8176294497 
090 0 0 |a 346.07   |b SIN 
100 1 |a Singh Nirmal 
245 1 0 |a Business laws   |c Nirmal Singh 
260 |a New Delhi :   |b New age International publishing ,   |c 1999 
650 0 |a Trade law,law business. 
999 |a 0001152489   |b Book   |c REFERENCE   |e Perbadanan Perpustakaan Awam Johor